000 01201nam a22003617a 4500
001 BR0203547
003 BR-BrBNA
005 20230928101117.0
007 ta
008 230509b bl.||||| |||| 00| 0 por d
040 _aBR-BrBNA
_bpor
_cBiblioteca Nacional de Agricultura
041 _a(Por)
072 _aP32; P01
090 _ P32 BR0203547
100 1 _aRibeiro, A. de S.
110 1 _aCentro de Energia Nuclear na Agricultura, Piracicaba, SP (Brasil)
_0Tese (Doutor em Ciências)
245 1 _aDinâmica paleoambiental da vegetação e clima durante o quaternário tardio em domínios da Mata Atlântica, brejo do semi-árido e cerrado nordestinos, utilizando isótopos do carbono da matéria orgânica do solo e das plantas
260 3 _aPiracicaba, SP (Brasil):
_c2002.
300 _a193 p.
500 _aSummaries (Eng, Por); Bibliography p. 173-193; 58 illus.; 41 tables
650 _aMATA
650 _aSOLO
650 _aMATÉRIA ORGÂNICA
650 _aCARBONO
650 _aISÓTOPO
650 _aVEGETAÇÃO
650 _aCLIMA
650 _aPALEONTOLOGIA
650 _aCERRADO
650 _aNORDESTE
909 _a202309
_bLucia
_c55
_dLucia Elande
942 _cBK
999 _c64303
_d64303